| 000 | 01030cam a22001934a 4500 | ||
|---|---|---|---|
| 005 | 20250605164116.0 | ||
| 008 | 250528s ||||||||||||||||||||||||d | ||
| 035 | _a18081 | ||
| 020 | _a674454359 | ||
| 040 |
_aGR-AtMCL _bgre _dGR-AtMCL _eAACR2 |
||
| 245 | 1 | _aInformation Technology in a Democracy | |
| 260 |
_bHarvard University Press, _c1971 |
||
| 300 | _a500 | ||
| 520 | _aPrologue: Of Technological Visions and Democratic Politics, Descriptions of the Developing Systems by Their Advocates, The Databank and Information Systems Route, The Management Science Route, Planning and Programming and Budgeting System (PPB), Systems Analysis and Operations Research, The Corporate Consultants, ''Control Technology'' in a Democracy: The Broad Socio-Political Debate, The Information Function in Organizational Decision-Making, Emerging Information Systems: The Policy Debates, Databanks, Management Science Techniques, Bibliography, Index. | ||
| 700 | 1 |
_aWestin Alan F _94357 |
|
| 942 | _cBK | ||
| 999 |
_c3467 _d3467 |
||